| 000 | 01653nam0a2200337 4500 | ||
|---|---|---|---|
| 001 | RU\NLR\bibl\107964 | ||
| 005 | 20260407113011.0 | ||
| 021 |
_aRU _b2000-16041 _9776 |
||
| 035 | _a(NLR Aleph) 000105672 | ||
| 090 |
_a598167 _c598167 |
||
| 100 | _a20000913d2000 |||y0rusy50 ca | ||
| 101 | 0 | _arus | |
| 102 | _aRU | ||
| 105 | _aa ||||||||| | ||
| 200 | 1 |
_aМерцательная аритмия _eУчеб.-метод. пособие _fМ-во здравоохранения Рос. Федерации, Астрах. гос. мед. акад. _g[Сост. д.м.н., проф. Пановой Т.Н. и др.] |
|
| 210 |
_aАстрахань _cИзд-во АГМА _d2000 |
||
| 215 |
_a28 с. _cил. _d21 |
||
| 300 | _aНа обл. авт.: Т.Н. Панова, Т.П. Кучерова, А.И. Носков | ||
| 320 | _aБиблиогр.: с. 27 (6 назв.) | ||
| 606 | 0 |
_aСердце _jРуководства, пособия и т.п. _xАритмии мерцательные _91280144 _3RU\NLR\auth\66210100 |
|
| 606 | 0 |
_aСердце _jУчебные издания _xАритмии мерцательные _91280144 _3RU\NLR\auth\66210100 |
|
| 686 | _aР410.109.5я7 | ||
| 702 | 1 |
_4220 _8rus _7ca _aПанова _bТ. Н. _cд-р мед. наук _gТамара Николаевна _3RU\NLR\auth\7791146 _974073 |
|
| 712 | 0 | 2 |
_4570 _aАстраханская государственная медицинская академия _3RU\NLR\AUTH\889942158 _9379154 |
| 801 | 0 |
_aRU _bNLR _c20000913 _gPSBO |
|
| 801 | 1 |
_aRU _bNLR _c20000913 |
|
| 830 | _aАвт. по кн. | ||
| 852 |
_aNLR _j2000-4/4791 |
||
| 942 | _cBOOK | ||
| 980 | _aNB | ||